000 01021nkm a2200301 c 4500
999 _c210436
_d210436
003 BLK
005 20200430110843.0
008 180412b bul rap|r|||| r0| ||bulo|
010 _aKNG00165439000
040 _aBLK
041 _aDEU
_cDEU
080 _aКуклен театър. Марионетен театър. Вж и 791.5
_b792.97
_z792.97
139 _aFigur und Spiel im Puppentheater der Welt
_bF 51
_gФ 46
245 1 0 _aFigur und Spiel im Puppentheater der Welt
257 _aDEU
260 _bHenschel-Verl. Kunst und Ges.
_c1977
300 _a224 p.
_bill.
_c28 cm
380 _a7
500 _aИменен показалец.
650 4 _aКуклен театър
_9261911
653 _aкуклен театър
653 _aмарионетки
852 _aЦб Гр А ІІ 2552
856 4 _qpdf
_u
856 4 _qpdf
_u
942 _cGRA
_n0
_s1
944 _aCR
_c30.09.2014
_l30.09.2014 - от С1,Р / 30.09.2014
_kИрена_Линкова
944 _aED
_c30.09.2014
_l30.09.2014 - от С1,Р / 30.09.2014
999 _d210436